Asiatic researches or transactions of the society, instituted in Bengal: for inquiring into the history and antiquites, the arts, sciences and literature of Asia (Record no. 10849)

MARC details
000 -LEADER
fixed length control field 00524nam a2200145Ia 4500
082 ## - DEWEY DECIMAL CLASSIFICATION NUMBER
Classification number RR 950 ASI;
245 #0 - TITLE STATEMENT
Title Asiatic researches or transactions of the society, instituted in Bengal: for inquiring into the history and antiquites, the arts, sciences and literature of Asia
260 ## - PUBLICATION, DISTRIBUTION, ETC. (IMPRINT)
Place of publication Varanasi
Name of publisher Bharat - Bharati, Oriental Publishers
Year of publication 1972
300 ## - PHYSICAL DESCRIPTION
Number of Pages xiv, 382p.
500 ## - GENERAL NOTE
General note Contents: Vol.1.
504 ## - BIBLIOGRAPHY, ETC. NOTE
Bibliography, etc Ref. book
650 ## - SUBJECT ADDED ENTRY--TOPICAL TERM
Topical Term History - Societies, etc.
650 ## - SUBJECT ADDED ENTRY--TOPICAL TERM
Topical Term Asia - History - Sources
942 ## - ADDED ENTRY ELEMENTS (KOHA)
Koha item type Books
Source of classification or shelving scheme Dewey Decimal Classification
Holdings
Withdrawn status Lost status Damaged status Not for loan Home library Current library Date acquired Full call number Accession Number Price effective from Koha item type
        NASSDOC Library NASSDOC Library 08/06/2004 RR 950 ASI; 2716 18/04/2019 Books